MARC

LEADER 00000nam0a2200000 4500
001 230055
005 20231101231000.0
035 |a (RuTPU)RU\TPU\book\250754 
090 |a 230055 
100 |a 20130117d1961 km y0rusy50 ca 
101 0 |a rus 
102 |a RU 
105 |a ab z 000zy 
200 1 |a Путеводитель экскурсии пятого Всесоюзного литологического совещания  |h Вып. 3: Кузнецкий бассейн  |f Академия наук СССР (АН СССР), Сибирское отделение (СО) ; Сибирский научно-исследовательский институт геологии, геофизики и минерального сырья (СНИИГГиМС) ; под ред. И. Н. Звонарева, Н. В. Козлова 
210 |a Новосибирск  |c Изд-во СО АН СССР  |d 1961 
215 |a 112 с.  |c ил., карта. 
317 |5 63413507: КР-73  |a Поступила в НТБ в 2004 г. в составе книжного собрания профессора ТПИ К. В. Радугина 
606 1 |a Геологические экскурсии  |2 stltpush  |3 (RuTPU)RU\TPU\subj\6090  |9 34049 
606 1 |a Западная Сибирь  |x География  |2 stltpush  |3 (RuTPU)RU\TPU\subj\71066  |9 85129 
610 1 |a физическая география 
610 1 |a экономическая география 
610 1 |a геологическое строение 
610 1 |a Кузнецкий бассейн 
610 1 |a путеводители 
610 1 |a библиотека К. В. Радугина 
675 |a 55  |v 3 
675 |a 91(571.1)  |v 3 
702 1 |a Звонарев  |b И. Н.  |4 340 
702 1 |a Козлов  |b Н. В.  |4 340 
712 0 2 |a Академия наук СССР (АН СССР)  |b Сибирское отделение (СО)  |c (Новосибирск)  |2 stltpush  |3 (RuTPU)RU\TPU\col\11215 
712 0 2 |a Сибирский научно-исследовательский институт геологии, геофизики и минерального сырья (СНИИГГиМС)  |c (Новосибирск)  |2 stltpush  |3 (RuTPU)RU\TPU\col\322 
801 1 |a RU  |b 63413507  |c 20130117 
801 2 |a RU  |b 63413507  |c 20190305  |g RCR 
942 |c BK